Chicas mágicas : (Registro nro. 37394)
[ vista simple ]
| 000 -CABECERA | |
|---|---|
| Longitud fija campo de control | 01207nam a2200325 a 4500 |
| 003 - • IDENTIFICADOR DELl NÚMERO DE CONTROL | |
| Identificador del número de control | CO-ViMGA |
| 005 - • FECHA Y HORA DE LA ÚLTIMA TRANSACCIÓN | |
| Fecha y hora de la última transacción | 20230915233615.0 |
| 008 - • CÓDIGOS DE INFORMACIÓN DE LONGITUD FIJA | |
| Códigos de información de longitud fija | 151209s2015 ck a gr 00010 spa d |
| 020 ## - • NÚMERO INTERNACIONAL NORMALIZADO PARA LIBROS | |
| Número Internacional Normalizado para Libros (ISBN) | 9789583049040 |
| 040 ## - FUENTE DE LA CATALOGACIÓN | |
| Centro catalogador de origen | CO-ViMGA |
| Lengua de catalogación | spa |
| Centro transcriptor | CO-ViMGA |
| 043 ## - CÓDIGO DE ÁREA GEOGRÁFICA | |
| Código de área geográfica | e-gx--- |
| 082 04 - • NÚMERO DE LA CLASIFICACIÓN DECIMAL DEWEY | |
| Número de clasificación (R) | 833.91 |
| Número del ítem | A76c |
| Número de edición | 21 |
| 100 1# - • PUNTO DE ACCESO PRINCIPAL-NOMBRE DE PERSONA | |
| Nombre de persona | Arold, Marliese, |
| Fechas asociadas al nombre | 1958- |
| 245 10 - • TITULO PROPIAMENTE DICHO | |
| Título | Chicas mágicas : |
| Resto del título | atrapada en el inframundo / |
| Mención de responsabilidad, etc. | Marliese Arold ; ilustradora Petra Schmidt ; traductora Olga Martin Maldonado. |
| 250 ## - • MENCIÓN DE EDICIÓN | |
| Mención de edición | Editora Margarita Montenegro Villalba. |
| 300 ## - • DESCRIPCIÓN FÍSICA | |
| Extensión | 153 páginas : |
| Otras características físicas | ilustraciones ; |
| Dimensiones | 22 cm. |
| 490 1# - • MENCIÓN DE SERIE | |
| Mención de serie | Chicas mágicas |
| 500 ## - • NOTA GENERAL | |
| Nota general | Incluye glosario. |
| 534 ## - • Nota De Versión Original | |
| -- | Título original : |
| Título | Magic Girls Gefangen in der Unterwelt. |
| 650 14 - • PUNTO DE ACCESO ADICIONAL DE MATERIA - TÉRMINO DE MATERIA | |
| Término de materia o nombre geográfico como elemento inicial | Brujeria |
| Subdivisión de forma | Novela juvenil. |
| 650 14 - • PUNTO DE ACCESO ADICIONAL DE MATERIA - TÉRMINO DE MATERIA | |
| Término de materia o nombre geográfico como elemento inicial | Hechiceros |
| Subdivisión de forma | Novela juvenil. |
| 650 14 - • PUNTO DE ACCESO ADICIONAL DE MATERIA - TÉRMINO DE MATERIA | |
| Término de materia o nombre geográfico como elemento inicial | Magia |
| Subdivisión de forma | Novela juvenil. |
| 650 14 - • PUNTO DE ACCESO ADICIONAL DE MATERIA - TÉRMINO DE MATERIA | |
| Término de materia o nombre geográfico como elemento inicial | Novela juvenil alemana. |
| 700 1# - • PUNTO DE ACCESO ADICIONAL - NOMBRE DE PERSONA | |
| Nombre de persona | Martin Maldonado, Olga, |
| Término indicativo de función | traductora. |
| 700 1# - • PUNTO DE ACCESO ADICIONAL - NOMBRE DE PERSONA | |
| Nombre de persona | Montenegro Villalba, Margarita, |
| Término indicativo de función | editora. |
| 700 1# - • PUNTO DE ACCESO ADICIONAL - NOMBRE DE PERSONA | |
| Nombre de persona | Schmidt, Petra, |
| Término indicativo de función | ilustradora. |
| 942 ## - ENTRADA DE ELEMENTOS AGREGADOS (KOHA) | |
| Fuente de clasificaión o esquema | Dewey Decimal Classification |
| Koha [por defecto] tipo de item | LIbro |
| Perdido | Fuente de clasificación o esquema | Estado Físico | No para préstamo | Forma de adquisición | Localización permanente | Localización actual | Fecha adquisición | Préstamos totales | Signatura completa | Código de barras | Fecha última consulta | Fecha del precio de reemplazo | Tipo de item de Koha |
|---|---|---|---|---|---|---|---|---|---|---|---|---|---|
| Dewey Decimal Classification | Sala General Segundo Piso | Biblioteca Pública Germán Arciniegas - Villavicencio | Biblioteca Pública Germán Arciniegas - Villavicencio | 04/28/2020 | 833.91 A76c | 33473 | 04/28/2020 | 04/28/2020 | LIbro | ||||
| Dewey Decimal Classification | Sala General Segundo Piso | Biblioteca Pública Germán Arciniegas - Villavicencio | Biblioteca Pública Germán Arciniegas - Villavicencio | 04/28/2020 | 833.91 A76c | 33474 | 04/28/2020 | 04/28/2020 | LIbro |